Quiz sulla storia di Barbados - Statistics

Statistiche generali
  • Questo quiz è stato fatto 9 volte
    5 dall'ultimo reset
  • Il punteggio medio è 10 su 18
Statistiche sulle risposte
DOMANDA RISPOSTA % Corretto
Numero di siti Unesco a Barbados 1
100%
Nazione al quale apparteneva il primo europeo a raggiungere l'isola Portogallo
100%
Nel 1625 passò a questo stato Regno Unito
100%
Venne conquistata da questa nazione Spagna
100%
Continente di origine dell'80/90% dell'odierna popolazione Africa
75%
Nel 2007 l'isola ospita la finale della Coppa del Mondo di questo sport molto in voga nelle colonie inglesi Cricket
75%
Nel XVII secolo molte persone emigrarono da questa nazione costitutiva del Regno Unito Irlanda
75%
Nel 2021 cambia forma di governo sostituendo la monarchia parlamentare con... (specifica) Repubblica parlamentare
75%
Religione più diffusa Anglicanesimo
50%
Nello stesso anno entra in questa associazione di ex colonie inglesi Commonwealth
50%
Nel 1977, questo sovrano che festeggiava il suo Giubileo d'argento, visita Barbados Elisabetta II
50%
Nel 1885 ci fu un tentativo fallito di unire la colonia della Barbados con un'isola vicina Grenada
50%
Nel 1751 questa persona, che diventerà presidente degli Usa, compie il suo unico viaggio al di fuori della madrepatria Washington
50%
Anno d'indipendenza 1966
25%
Italia sta a italiano come Barbados sta a ... Barbadiano
0%
Durante la Guerra Civile inglese molti dissidenti si rifugiarono sull'isola, ma nel 1651, dopo un blocco navale, dovettero accettare questo re Carlo II
0%
Nel 2010 questo principe inglese visita Barbados per un evento di beneficienza Harry
0%
Coltura principalmente esportata Zucchero/Canna
0%
Nessun quiz corrispondente trovato
Distribuzione punteggi
Percentuale di utenti per punteggio
Percentile per numero di risposta
I tuoi punteggi nel tempo
Non hai fatto questo quiz dall'ultimo reset